[Event "Ch France 2018 - Vétérans"]
[Site "?"]
[Date "2018.08.18"]
[Round "3.1"]
[White "Prie, Eric"]
[Black "Decroix, Paloan"]
[Result "1-0"]
[BlackElo "1916"]
[WhiteElo "2480"]
[LiveChessVersion "1.4.4"]

1. d4 {[%clk 1:30:53]} Nf6 {[%clk 1:30:50]} 2. Nf3 {[%clk 1:31:13]} e6
{[%clk 1:30:21]} 3. Bf4 {[%clk 1:31:33]} b6 {[%clk 1:29:28]} 4. e3
{[%clk 1:31:55]} Bb7 {[%clk 1:29:40]} 5. Bd3 {[%clk 1:32:18]} Be7
{[%clk 1:28:52]} 6. h3 {[%clk 1:32:37]} c5 {[%clk 1:27:58]} 7. c3
{[%clk 1:32:53]} O-O {[%clk 1:27:57]} 8. Nbd2 {[%clk 1:31:17]} d5
{[%clk 1:28:06]} 9. Qe2 {[%clk 1:30:39]} Ne4 {[%clk 1:25:39]} 10. Rd1
{[%clk 1:26:18]} Nd7 {[%clk 1:23:39]} 11. O-O {[%clk 1:23:11]} c4
{[%clk 1:16:25]} 12. Bc2 {[%clk 1:20:01]} b5 {[%clk 1:16:02]} 13. Nxe4
{[%clk 1:18:48]} dxe4 {[%clk 1:15:52]} 14. Nd2 {[%clk 1:19:08]} f5
{[%clk 1:12:11]} 15. a4 {[%clk 1:18:55]} a6 {[%clk 1:11:07]} 16. b3
{[%clk 1:17:11]} cxb3 {[%clk 1:04:17]} 17. Bxb3 {[%clk 1:17:16]} Rf6
{[%clk 1:04:39]} 18. axb5 {[%clk 1:03:48]} axb5 {[%clk 1:04:17]} 19. Ra1
{[%clk 1:04:10]} Ba6 {[%clk 0:59:39]} 20. Ra2 {[%clk 1:03:18]} Nb6
{[%clk 0:56:51]} 21. Rfa1 {[%clk 1:03:31]} Qc8 {[%clk 0:52:07]} 22. Bg5
{[%clk 0:48:53]} Rf7 {[%clk 0:50:54]} 23. Rxa6 {[%clk 0:49:04]} Rxa6
{[%clk 0:46:47]} 24. Rxa6 {[%clk 0:48:10]} Qxa6 {[%clk 0:47:03]} 25. Bxe6
{[%clk 0:48:34]} Na4 {[%clk 0:30:26]} 26. Bxf7+ {[%clk 0:47:58]} Kxf7
{[%clk 0:30:42]} 27. Qh5+ {[%clk 0:47:15]} Qg6 {[%clk 0:27:14]} 28. Qxg6+
{[%clk 0:47:36]} hxg6 {[%clk 0:27:31]} 29. Bxe7 {[%clk 0:48:03]} Kxe7
{[%clk 0:27:46]} 30. c4 {[%clk 0:48:28]} b4 {[%clk 0:27:16]} 31. Kf1
{[%clk 0:46:57]} g5 {[%clk 0:27:04]} 32. Ke1 {[%clk 0:44:33]} Nc3
{[%clk 0:26:16]} 33. Nb3 {[%clk 0:43:52]} Kd6 {[%clk 0:25:19]} 34. Kd2
{[%clk 0:43:37]} f4 {[%clk 0:25:00]} 35. Kc2 {[%clk 0:43:25]} f3 {[%clk 0:24:51]}
36. gxf3 {[%clk 0:43:28]} exf3 {[%clk 0:25:07]} 37. Nd2 {[%clk 0:43:55]} Kd5 1-0